El poder en la empresa (Registro nro. 9029)
[ vista simple ]
| 000 -CABECERA | |
|---|---|
| campo de control de longitud fija | 00627ntm a22002417a 4500 |
| 005 - FECHA Y HORA DE ACTUALIZACIÓN | |
| campo de control | 20170313155702.0 |
| 008 - LONGITUD FIJA | |
| campo de control de longitud fija | 170313b xxu||||| |||| 00| 0 spa d |
| 020 ## - INTERNATIONAL STANDARD BOOK NUMBER | |
| Número Internacional Estándar del Libro | 9788494433924 |
| 041 ## - IDIOMA | |
| Código de idioma del texto/pista de sonido o título separado | |
| 082 ## - CLASIFICACIÓN DECIMAL DEWEY | |
| Número de clasificación | 658 G172p |
| 100 ## - AUTOR PERSONAL | |
| Nombre de persona | Gallo, Miguel Ángel |
| 245 ## - TÍTULO PROPIAMENTE DICHO | |
| Título | El poder en la empresa |
| 260 ## - PIE DE IMPRENTA | |
| Lugar de publicación, distribución, etc. | España |
| 260 ## - PIE DE IMPRENTA | |
| Nombre del editor, distribuidor, etc. | Libros de Cabecera |
| 260 ## - PIE DE IMPRENTA | |
| Fecha de publicación, distribución, etc. | 2016 |
| 300 ## - DESCRIPCIÓN FÍSICA | |
| Extensión | 216 páginas |
| 650 ## - Materia General | |
| Materia general | ADMINISTRACIÓN DE EMPRESAS |
| 650 ## - Materia General | |
| Materia general | PODER EN LA EMPRESA |
| 650 ## - Materia General | |
| Materia general | ACCIONISTAS |
| 650 ## - Materia General | |
| Materia general | CONSEJO DE ADMINISTRACIÓN |
| 650 ## - Materia General | |
| Materia general | ÉTICA |
| 942 ## - Punto de Acceso Adicional Koha | |
| Tipo de ítem Koha | Libro |
| Estado perdido | Estado dañado | No para préstamo | Biblioteca permanente | Biblioteca actual | Signatura completa | Código de barras | Precio efectivo a partir del | Tipo de ítem |
|---|---|---|---|---|---|---|---|---|
| Departamento de Biblioteca y Documentación Alfonso Chase Brenes | Departamento de Biblioteca y Documentación Alfonso Chase Brenes | 658 G172p | 21695 | 13/03/2017 | Libro |